Sociologický slovník /

Salvato in:
Dettagli Bibliografici
Autore principale: Geist, Bohumil (Autore)
Natura: Libro
Lingua:ceco
Pubblicazione: Praha : Victoria Publishing, a.s, 1992
Tags: Aggiungi Tag
Nessun Tag, puoi essere il primo ad aggiungerne!!

MARC

LEADER 00000nam a22000003a 4500
001 stu22019
005 20150617225750.6
008 931210s1992----cs------------------cze-d
020 |a 80-85605-28-7 
040 |a STU  |b slo 
041 0 |a cze 
044 |a cs 
080 |a 301(03) 
100 1 |a Geist, Bohumil  |4 aut 
245 1 |a Sociologický slovník /  |c [aut.]Geist,Bohumil 
260 |a Praha :  |b Victoria Publishing, a.s,  |c 1992 
300 |a 647 s :  |b Lit 
996 |b C92339  |c C*92339  |l CCXII  |s P  |a 0  |w stu22019_0001